The blue ribbon mystery. (Record no. 110758)
[ view plain ]
| 000 -LEADER | |
|---|---|
| fixed length control field | 00457nam a2200181 a 4500 |
| 001 - CONTROL NUMBER | |
| control field | 2773 |
| 005 - DATE AND TIME OF LATEST TRANSACTION | |
| control field | 20140414131903.0 |
| 008 - FIXED-LENGTH DATA ELEMENTS--GENERAL INFORMATION | |
| fixed length control field | 050928s19uu xx 00 eng d |
| 020 ## - INTERNATIONAL STANDARD BOOK NUMBER | |
| International Standard Book Number | 0-307-16184-6 |
| 050 ## - LIBRARY OF CONGRESS CALL NUMBER | |
| Classification number | FIC |
| Item number | F22 1996 |
| 100 ## - MAIN ENTRY--PERSONAL NAME | |
| Personal name | Erica Farber |
| 245 ## - TITLE STATEMENT | |
| Title | The blue ribbon mystery. |
| 260 ## - PUBLICATION, DISTRIBUTION, ETC. (IMPRINT) | |
| Place of publication, distribution, etc | New : |
| Name of publisher, distributor, etc | A Golden Book, |
| Date of publication, distribution, etc | 1996. |
| 300 ## - PHYSICAL DESCRIPTION | |
| Extent | 68 p. : ill. ; cm. |
| 440 ## - SERIES STATEMENT/ADDED ENTRY--TITLE | |
| Title | LC + the Critter Kids |
| 700 ## - ADDED ENTRY--PERSONAL NAME | |
| Personal name | J.R. Sansevere |
| Withdrawn status | Lost status | Damaged status | Home library | Current library | Shelving location | Date acquired | Source of acquisition | Total Checkouts | Full call number | Barcode | Date last seen | Price effective from | Koha item type |
|---|---|---|---|---|---|---|---|---|---|---|---|---|---|
| Munich Library | Munich Library | Fiction Section | 09/28/2005 | FIC F22 1996 | M1241 | 04/14/2014 | 04/14/2014 | Books |